000 00393nam a2200145Ia 4500
008 230917s9999||||xx |||||||||||||| ||und||
040 _e28603
_aMAIN
041 _aEnglish
082 _a954.5 F586F
100 _aBanga, Indu, ed.
245 0 _aFive Punjabi centuries: Polity, economy, society and culture, C1500-1990
260 _aNew Delhi
_bManohar
_c1997
300 _a623 p.
942 _cBK
999 _c97694
_d97694